| 000 | 00906cam a2200313 a 4500 | ||
|---|---|---|---|
| 999 |
_c1739 _d1739 |
||
| 001 | 45856991 | ||
| 003 | OCoLC | ||
| 005 | 20180920151327.0 | ||
| 008 | 010731s1996 tnu 001 0 eng | ||
| 010 | _a 00135742 | ||
| 020 | _a0785267026 | ||
| 020 | _a9780785267027 | ||
| 035 | _a(OCoLC)45856991 | ||
| 040 |
_aDLC _cDLC _dOCO _dBAKER _dBTCTA _dYDXCP _dCIRBC |
||
| 042 | _apcc | ||
| 050 | 1 | 0 |
_aBV4501.2 _b.S71934 1996b |
| 082 | 0 | 4 |
_a248.4 _bS787C |
| 092 |
_a248.4861 _bS7873c |
||
| 100 | 1 | _aStanley, Charles F. | |
| 240 | 1 | 0 | _aGlorious journey |
| 245 | 1 | 0 | _aCharles Stanley's handbook for Christian living. |
| 246 | 3 | 0 | _aHandbook for Christian living |
| 260 |
_aNashville, Tenn. : _bThomas Nelson, _cc1996. |
||
| 300 |
_ax, 515 p. ; _c25 cm. |
||
| 500 | _aIncludes index. | ||
| 650 | 0 |
_aChristian life _xBaptist authors. |
|
| 700 | 1 |
_aStanley, Charles F. _tGlorious journey. |
|
| 942 |
_2ddc _cBK |
||